Machine learning based risk grade and diagnosis prediction for asthmatic patients (Record no. 393538)

MARC details
000 -LEADER
fixed length control field 00527nam a2200181 4500
005 - DATE & TIME
control field 20250924144710.0
008 - FIXED-LENGTH DATA ELEMENTS--GENERAL INFORMATION
fixed length control field 250924b |||||||| |||| 00| 0 eng d
040 ## - CATALOGING SOURCE
Original cataloging agency VIVEKANANDA LIBRARY
082 ## - DDC NUMBER
Classification number 006.31
Book Number J186M
100 ## - MAIN ENTRY--PERSONAL NAME
Personal name Jaglan, Vivek
245 ## - TITLE STATEMENT
Title Machine learning based risk grade and diagnosis prediction for asthmatic patients
260 ## - PUBLICATION, DISTRIBUTION, ETC. (IMPRINT)
Name of publisher, distributor, etc Department of UIET, M D University, Rohtak
Date of publication, distribution, etc 2025
300 ## - PHYSICAL DESCRIPTION
Pages xvi, 126
650 ## - Subject
Subject Computer Science
650 ## - Subject
Subject Machine Learning
700 ## - Added Entry Personal Name
Added Entry Personal Name Sehrawat, Harkesh
942 ## - ADDED ENTRY ELEMENTS (KOHA)
Koha item type Thesis
Holdings
Withdrawn status Lost status Source of classification or shelving scheme Damaged status Not for loan Location (home branch) Sublocation or collection (holding branch) Shelving location Date acquired Koha issues (times borrowed) Koha full call number Accession No. Koha date last seen Copy number Koha item type
    Dewey Decimal Classification     VIVEKANANDA LIBRARY VIVEKANANDA LIBRARY Vivekananda Library 24/09/2025   006.31 J186M 411154 24/09/2025 R Thesis
© Designed and Maintained by Vivekananda Library, MDU Rohtak